000 00701cam a2200229 4500500
005 20260405003709.0
041 _afre
042 _adc
100 1 0 _ade Oliveira, Victorine
_eauthor
245 0 0 _aExtraits du “Second Traité du gouvernement civil”, de John Locke
260 _c2023.
500 _a50
690 _aÉtat de nature
690 _aGouvernement
690 _aJohn Locke
690 _aLibéralisme
690 _aMonarchie
690 _aPropriété
690 _aTraités
786 0 _nPhilosophie magazine | 169 | 5 | 2023-05-01 | p. 44-47 | 1951-1787
856 4 1 _uhttps://shs.cairn.info/magazine-philosophie-magazine-2023-5-page-44?lang=fr&redirect-ssocas=7080
999 _c2069951
_d2069951